[Event "FRA-chT2S 9900"]
[Site "France"]
[Date "2000.01.15"]
[Round "5"]
[White "Friot, Emmanuel"]
[Black "Garcia, Olivier"]
[Result "1-0"]
[WhiteElo "2180"]
[BlackElo "2265"]
[PlyCount "45"]
[EventDate "1999.01.15"]
[EventType "team"]
[EventRounds "7"]
[EventCountry "FRA"]
[SourceTitle "EXT 2002"]
[Source "ChessBase"]
[SourceDate "2001.11.25"]
[SourceVersion "1"]
[SourceVersionDate "2001.11.25"]
[SourceQuality "1"]

1. e4 c5 2. Nf3 Nc6 3. Bb5 e6 4. 0-0 Nf6 5. Re1 d5 6. exd5 Nxd5 7. d4 cxd4 8. Qxd4 Bd7 9. Qxd5 Qb6 10. Nc3 Bc5 11. Qd2 0-0-0 12. Qe2 a6 13. Ba4 f6 14. Ne4 Be7 15. Qc4 e5 16. Be3 Qc7 17. Qe2 f5 18. Nc3 e4 19. Nd5 exf3 20. Qxf3 Ne5 21. Qf4 g5 22. Bxd7+ Rxd7 23. Qxf5 1-0

[Event "FRA-ch qual"]
[Site "Bescanon"]
[Date "1999.08.24"]
[Round "7"]
[White "Gendre, Kostia"]
[Black "Friot, Emmanuel"]
[Result "1-0"]
[WhiteElo "2185"]
[BlackElo "2127"]
[PlyCount "67"]
[EventDate "1999.08.18"]
[EventType "swiss"]
[EventRounds "11"]
[EventCountry "FRA"]
[SourceTitle "EXT 2000"]
[Source "ChessBase"]
[SourceDate "1999.11.16"]
[SourceVersion "1"]
[SourceVersionDate "1999.11.16"]
[SourceQuality "1"]

1. c4 f5 2. Nc3 Nf6 3. d4 g6 4. g3 Bg7 5. Bg2 d6 6. Nf3 0-0 7. 0-0 Qe8 8. Qb3 h6 9. d5 Na6 10. Be3 c5 11. Rae1 g5 12. Bc1 b6 13. a3 Nc7 14. e4 fxe4 15. Nxe4 Qh5 16. Qd3 Ng4 17. h3 Ne5 18. Nxe5 Bxe5 19. Kh2 Bxh3 20. Bxh3 g4 21. Rh1 Rf3 22. Re3 Raf8 23. Kg2 Rxe3 24. Qxe3 Bg7 25. Bxg4 Qxg4 26. b3 Ne8 27. f3 Qg6 28. Qd3 Qf7 29. Bxh6 Nf6 30. Ng5 Qe8 31. Bxg7 Kxg7 32. Ne6+ Kg8 33. Qf5 Kf7 34. Rh7+ 1-0

[Event "FRA-chT2S 9899"]
[Site "France"]
[Date "1999.??.??"]
[Round "6"]
[White "Friot, Emmanuel"]
[Black "Lamorelle, Julien"]
[Result "1-0"]
[WhiteElo "2180"]
[BlackElo "2145"]
[PlyCount "43"]
[EventDate "1998.??.??"]
[EventType "team"]
[EventRounds "9"]
[EventCountry "FRA"]
[SourceTitle "EXT 2002"]
[Source "ChessBase"]
[SourceDate "2001.11.25"]
[SourceVersion "1"]
[SourceVersionDate "2001.11.25"]
[SourceQuality "1"]

1. e4 e5 2. Bc4 Nf6 3. d3 c6 4. Nf3 d5 5. Bb3 Bd6 6. Nc3 dxe4 7. Ng5 0-0 8. Ncxe4 Nxe4 9. Nxe4 Bb4+ 10. c3 Be7 11. 0-0 Nd7 12. Qh5 Qc7 13. f4 g6 14. Qf3 Nc5 15. Nxc5 Bxc5+ 16. Kh1 Bd6 17. fxe5 Bxe5 18. Bh6 Bg7 19. Bxg7 Kxg7 20. Qf6+ Kg8 21. Rae1 Be6 22. Rxe6 1-0

[Event "FRA-chT2S 9899"]
[Site "France"]
[Date "1999.??.??"]
[Round "5"]
[White "Mrdja, Milan"]
[Black "Friot, Emmanuel"]
[Result "1-0"]
[WhiteElo "2410"]
[BlackElo "2180"]
[PlyCount "63"]
[EventDate "1998.??.??"]
[EventType "team"]
[EventRounds "9"]
[EventCountry "FRA"]
[SourceTitle "EXT 2002"]
[Source "ChessBase"]
[SourceDate "2001.11.25"]
[SourceVersion "1"]
[SourceVersionDate "2001.11.25"]
[SourceQuality "1"]

1. e4 e5 2. Nf3 Nf6 3. Nc3 Bb4 4. Nxe5 0-0 5. Be2 Re8 6. Nd3 Bxc3 7. dxc3 Nxe4 8. Nf4 d6 9. 0-0 Nd7 10. c4 Ne5 11. Be3 Bf5 12. f3 Nf6 13. Qd2 Qd7 14. b3 Ng6 15. Nxg6 Bxg6 16. Bd4 Re6 17. Rfd1 Qc6 18. Bf1 Rae8 19. a4 R8e7 20. b4 b6 21. Bf2 Qe8 22. c5 dxc5 23. bxc5 Rd7 24. Qc1 Rxd1 25. Qxd1 h6 26. Qd2 Qd7 27. Qc3 Qd5 28. Bc4 Qe5 29. Bd4 Qg5 30. Bxe6 fxe6 31. Bxf6 gxf6 32. cxb6 1-0